The noble scholar, jurist, historian


 His Excellency Dr. Abdul Wahhab bin Ibrahim Abu Sulaiman, may Allah have mercy on him.


 He was born in Umm Al-Qura in the year 1356 AH.

عقود البيع والتأجير بنظام المشاركة في الوقت (Record no. 13591)

MARC details
000 -LEADER
fixed length control field 01535ctm a2200301 i 4500
003 - CONTROL NUMBER IDENTIFIER
control field SA-RiAUC
005 - DATE AND TIME OF LATEST TRANSACTION
control field 20251218135719.0
008 - FIXED-LENGTH DATA ELEMENTS--GENERAL INFORMATION
fixed length control field 251218s2004 su f m 000 0 ara c
040 ## - CATALOGING SOURCE
Original cataloging agency SA-JeALM
Language of cataloging ara
Transcribing agency SA-RiAUC
Description conventions rda
082 04 - DEWEY DECIMAL CLASSIFICATION NUMBER
Classification number 253.1
090 ## - LOCALLY ASSIGNED LC-TYPE CALL NUMBER (OCLC); LOCAL CALL NUMBER (RLIN)
Classification number (OCLC) (R) ; Classification number, CALL (RLIN) (NR) ر 253.1
Local cutter number (OCLC) ; Book number/undivided call number, CALL (RLIN) ش ث ر
100 1# - MAIN ENTRY--PERSONAL NAME
Personal name الشثري، زيد بن عبد العزيز
Relator term مؤلف.
245 10 - TITLE STATEMENT
Title عقود البيع والتأجير بنظام المشاركة في الوقت
Remainder of title صوره وأحكامه /
Statement of responsibility, etc. إعداد زيد بن عبد العزيز الشثري . اشراف سعد بن عمر الخراشي .
246 ## - VARYING FORM OF TITLE
Title proper/short title عقد المشاركة في الوقت صوره وأحكامه
264 #0 - PRODUCTION, PUBLICATION, DISTRIBUTION, MANUFACTURE, AND COPYRIGHT NOTICE
Place of production, publication, distribution, manufacture الرياض :
Name of producer, publisher, distributor, manufacturer جامعة الإمام محمد بن سعود الإسلامية .
Date of production, publication, distribution, manufacture, or copyright notice 2004
300 ## - PHYSICAL DESCRIPTION
Extent 331 صفحة ؛
Dimensions 30 سم .
336 ## - CONTENT TYPE
Content type term نص
Content type code txt
Source rdacontent
Materials specified أطروحة
337 ## - MEDIA TYPE
Media type term بدون وسيط
Media type code n
Source rdamedia
338 ## - CARRIER TYPE
Carrier type term مجلد
Carrier type code nc
Source rdacarrier
500 ## - GENERAL NOTE
General note اهداء من المؤلف زيد الشثري الى الشيخ رحمه الله بتاريخ 21 / 2 / 1428 هـ
500 ## - GENERAL NOTE
General note أطروحة (ماجستير)-جامعة الإمام محمد بن سعود، 2004.
502 ## - DISSERTATION NOTE
Dissertation note أطروحة (ماجستير)-جامعة الإمام محمد بن سعود، 2004.
650 #7 - SUBJECT ADDED ENTRY--TOPICAL TERM
Topical term or geographic name entry element العقود (فقه إسلامي)
Source of heading or term aucsh
650 #7 - SUBJECT ADDED ENTRY--TOPICAL TERM
Topical term or geographic name entry element المعاملات (فقه إسلامي)
Source of heading or term aucsh
700 ## - ADDED ENTRY--PERSONAL NAME
Personal name الخراشي، سعد بن عمر
Relator term مشرف .
942 ## - ADDED ENTRY ELEMENTS (KOHA)
Source of classification or shelving scheme Dewey Decimal Classification
Koha item type رسالة علمية
Suppress in OPAC No
949 ## - LOCAL PROCESSING INFORMATION (OCLC)
a SA-JeALM
d 251218
u osman123
n 1
Holdings
Withdrawn status Lost status Source of classification or shelving scheme Damaged status Not for loan Home library Current library Date acquired Total checkouts Full call number Barcode Date last seen Price effective from Koha item type
    Dewey Decimal Classification     DR AbdElwahab Library DR AbdElwahab Library 12/18/2025   ر 253.1 ش ث ر 000021785 12/18/2025 12/18/2025 رسالة علمية